<?xml version="1.0" encoding="UTF-8"?>
<marc:record xmlns:marc="http://www.loc.gov/MARC21/slim">
   <marc:leader>00000nam a2200000 a 4500</marc:leader>
   <marc:datafield ind1=" " ind2=" " tag="653">
      <marc:subfield code="a">Antolin Klasse-1</marc:subfield>
   </marc:datafield>
   <marc:datafield ind1="0" ind2="0" tag="245">
      <marc:subfield code="a">Der Fuchs</marc:subfield>
   </marc:datafield>
   <marc:datafield ind1="0" ind2="0" tag="245">
      <marc:subfield code="b">[die Bücher mit den Folien]</marc:subfield>
   </marc:datafield>
   <marc:datafield ind1=" " ind2="1" tag="264">
      <marc:subfield code="b">Meyers Kinder- und Jugendbücher</marc:subfield>
      <marc:subfield code="c">2011</marc:subfield>
   </marc:datafield>
   <marc:datafield ind1="1" ind2=" " tag="490">
      <marc:subfield code="a">Meyers Kleine Kinderbibliothek</marc:subfield>
   </marc:datafield>
   <marc:datafield ind1="1" ind2=" " tag="520">
      <marc:subfield code="a">Handliches Buch über den Fuchs für kleine Kinderhände. (ab 3) (JN) Aus der Reihe der "Bücher mit den Folien" ist die Ausgabe über den Fuchs sehr gelungen: Neben den realitätsnahen Zeichnungen gibt es mit Illustrationen bedruckte Zwischenfolien, die die Seiten zusätzlich abwechslungsreich und unterhaltend gestalten. Über die Lebensweise eines Fuchses bis hin zu Aufzucht des Nachwuchses sowie Waldmitbewohner, die der Fuchs so hat, wird hier kindgerechte Information geboten. Sehr empfehlenswert! Zum Anschauen ab 3 Jahren und zum Selberlesen geeignet ab 7 Jahren. *bn* Rebecca Englert</marc:subfield>
   </marc:datafield>
   <marc:datafield ind1=" " ind2=" " tag="020">
      <marc:subfield code="a">9783411070800</marc:subfield>
      <marc:subfield code="9">9783411070800</marc:subfield>
   </marc:datafield>
</marc:record>
